| 000 | 00679nam a2200241Ia 4500 | ||
|---|---|---|---|
| 003 | OSt | ||
| 005 | 20220918203225.0 | ||
| 006 | a|||||r|||| 00| 0 | ||
| 007 | ta | ||
| 008 | 220917b |||||||| |||| 00| 0 eng d | ||
| 024 | _a106,906 | ||
| 037 | _cTextual | ||
| 040 |
_aARTS _cARTS _beng |
||
| 041 |
_2eng _aeng |
||
| 082 | _aV3:8-19:N5, H7.10 (+) | ||
| 100 |
_aWoodward E L ed _9107451 |
||
| 245 | 0 | _aDocuments on British foreign policy 1919-1939 third series v2 | |
| 260 | _c1947 | ||
| 650 | _aHISTORY | ||
| 700 |
_a Butler Rohan ed _9107452 |
||
| 942 |
_hV3:8-19:N5, H7.10 (+) _cTEXL _2CC |
||
| 999 |
_c230264 _d230264 |
||